000
00344pab a2200145 454500
008
180718b1999 xxu||||| |||| 00| 0 eng d
100
_a
Gouyette, Claudine
245
_a
Efficiency of the welfare state
260
_c
1999
300
_a
p.537-53
650
_a
Social policy
700
_a
Pestieau, Pierre
773
_a
Kyklos
909
_a
46052
999
_c
46052
_d
46052